| 000 | 00974cam a22003137a 4500 | ||
|---|---|---|---|
| 003 | CHAP | ||
| 005 | 20220817043643.0 | ||
| 008 | 000405d1999 uy a r 00010 spa d | ||
| 010 | _a80699 | ||
| 011 | _a81671 | ||
| 020 | _a0889368856 | ||
| 035 | _a92147 | ||
| 040 | _cCHAP | ||
| 082 | 0 | 4 |
_a338.9 _bA59Y |
| 100 | 0 | 0 |
_aAnton, Danilo. _96106 |
| 245 | 1 | 0 |
_aDiversidad globalización y la sabiduría de la naturaleza _c/por Danilo Antón |
| 260 |
_aMontevideo, Uruguay : _bPiriguazú, _c1999. |
||
| 300 |
_a302 p. : _bilus. |
||
| 590 |
_aBATCH-UPD _b10 _c20130110 _lUCH01 _h0736 |
||
| 590 |
_aBATCH-UPD _b10 _c20130410 _lUCH01 _h0419 |
||
| 590 |
_aBATCH-UPD _b10 _c20130914 _lUCH01 _h1545 |
||
| 590 |
_aCONVERSION _b10 _c20130109 _lUCH01 _h1345 |
||
| 650 | 1 | 4 |
_aGlobalización. _948300 |
| 650 | 1 | 4 |
_aRecursos naturales _xConservación. |
| 901 | _aBK | ||
| 905 | _aLilia Sánchez G. | ||
| 942 | _cLIBRO | ||
| 949 |
_a338.9 A59Y _bBC _cLIBRO _d33724000775607 _eLIBRO _h97673 _i92147 _si |
||
| 999 |
_c80699 _d80699 |
||